La materia prima: la búsqueda de las partículas fundamentales y sus interacciones

Uloženo v:
Podrobná bibliografie
Hlavní autor: Crozon, Michel (Autor)
Médium: Kniha
Jazyk:španělština
Vydáno: Barcelona Gedisa 1988
Edice:Colección limites de la ciencia
Témata:
Tagy: Přidat tag
Žádné tagy, Buďte první, kdo vytvoří štítek k tomuto záznamu!

MARC

LEADER 00000nam a2200000 a 4500
001 UCX6292
003 CL-VaPUC
008 930511e19880000SP |||||||||||||||||spa|d
082 0 4 |a 539.721  |b CRO  |2 21 
100 0 |a Crozon, Michel  |e author  |9 322712 
245 1 3 |a La materia prima: la búsqueda de las partículas fundamentales y sus interacciones 
300 |a 312 p 
942 |c BK 
945 |d 19930511 00:00:00 
260 |a Barcelona  |b Gedisa  |c 1988 
650 7 |a PARTICULAS FISICA NUCLEAR  |2 CL-VaPUC  |9 316637 
650 7 |a INTERACCIONES DE PARTICULAS  |2 CL-VaPUC  |9 271333 
583 |a last modification  |c 19930511 00:00:00  |k Rodrigo Vera 
490 0 |a Colección limites de la ciencia 
999 |c 226329  |d 226327 
952 |0 0  |1 0  |4 0  |6 539_721000000000000_CRO_1988  |7 0  |8 A  |9 224604  |a BIBCUR  |b BIBCUR  |d 2019-11-15  |i 2933802  |o 539.721 CRO 1988  |p 2933802  |r 2025-04-22  |w 2019-11-15  |y BK  |k FIS